00151 a2200073 4500020001800000082001300018100001600031245003000047 a9780747595502 aEJF HULM aHulme, John aThe lost train of thought